<?xml version="1.0" encoding="UTF-8"?>
<record
    xmlns:xsi="http://www.w3.org/2001/XMLSchema-instance"
    xsi:schemaLocation="http://www.loc.gov/MARC21/slim http://www.loc.gov/standards/marcxml/schema/MARC21slim.xsd"
    xmlns="http://www.loc.gov/MARC21/slim">

  <leader>01290nas a2200241 454500</leader>
  <controlfield tag="001">18278</controlfield>
  <controlfield tag="005">20260407193505.0</controlfield>
  <controlfield tag="008">260407s1968####ag###########|||spa#d</controlfield>
  <controlfield tag="003">AR-UNSa-BCEJYS</controlfield>
  <datafield tag="040" ind1=" " ind2=" ">
    <subfield code="a">AR-UNSa-BCEJYS</subfield>
    <subfield code="b">spa</subfield>
    <subfield code="c">AR-UNSa-BCEJYS</subfield>
  </datafield>
  <datafield tag="080" ind1=" " ind2=" ">
    <subfield code="a">338.1</subfield>
    <subfield code="x">Situaci&#xF3;n econ&#xF3;mica. Ciclos. Desarrollo de la estructura econ&#xF3;mica</subfield>
  </datafield>
  <datafield tag="245" ind1="1" ind2="0">
    <subfield code="a">Informe econ&#xF3;mico</subfield>
  </datafield>
  <datafield tag="022" ind1=" " ind2=" ">
    <subfield code="a">0327-7275</subfield>
  </datafield>
  <datafield tag="264" ind1=" " ind2="1">
    <subfield code="a">Buenos Aires :</subfield>
    <subfield code="b">Ministerio de Econom&#xED;a y Trabajo</subfield>
    <subfield code="c">1968</subfield>
  </datafield>
  <datafield tag="310" ind1=" " ind2=" ">
    <subfield code="a">Frecuencia: Trimestral
A partir del a&#xF1;o 1971 el editor var&#xED;a por: Ministerio de Hacienda y Finanzas
A partir del a&#xF1;o 1973 el editor var&#xED;a por: Ministerio de Econom&#xED;a
A partir del a&#xF1;o 1992 el editor var&#xED;a por: Ministerio de Econom&#xED;a y Obras y Servicios P&#xFA;blicos
A partir del a&#xF1;o 1999 el editor var&#xED;a por: Ministerio de Econom&#xED;a
A partir del a&#xF1;o 2005 el editor var&#xED;a por: Ministerio de Econom&#xED;a y Producci&#xF3;n  
A partir del a&#xF1;o el t&#xED;tulo var&#xED;a por:</subfield>
  </datafield>
  <datafield tag="942" ind1=" " ind2=" ">
    <subfield code="c">SER</subfield>
  </datafield>
  <datafield tag="590" ind1=" " ind2=" ">
    <subfield code="a">niveau_biblio:s niveau_hierar:1</subfield>
  </datafield>
  <datafield tag="100" ind1="1" ind2=" ">
    <subfield code="a">Argentina. Ministerio de Econom&#xED;a y Trabajo</subfield>
  </datafield>
  <datafield tag="650" ind1=" " ind2=" ">
    <subfield code="a">Condiciones econ&#xF3;micas</subfield>
  </datafield>
  <datafield tag="650" ind1=" " ind2=" ">
    <subfield code="a">Datos estad&#xED;sticos</subfield>
  </datafield>
  <datafield tag="650" ind1=" " ind2=" ">
    <subfield code="a">ECONOMIA</subfield>
  </datafield>
  <datafield tag="856" ind1="4" ind2="1">
    <subfield code="u">https://biblioeco.unsa.edu.ar/pmb/images/revistas/Informe Economico.jpg</subfield>
    <subfield code="y">Imagen de portada</subfield>
    <subfield code="q">image/jpeg</subfield>
  </datafield>
  <datafield tag="999" ind1=" " ind2=" ">
    <subfield code="c">8499</subfield>
    <subfield code="d">8499</subfield>
  </datafield>
  <datafield tag="952" ind1=" " ind2=" ">
    <subfield code="0">0</subfield>
    <subfield code="1">0</subfield>
    <subfield code="4">0</subfield>
    <subfield code="7">0</subfield>
    <subfield code="a">BCEJYS</subfield>
    <subfield code="b">BCEJYS</subfield>
    <subfield code="c">17</subfield>
    <subfield code="d">2005-01-01</subfield>
    <subfield code="h">A&#xF1;o 14, N&#xBA; 52 - ene. 2005</subfield>
    <subfield code="l">0</subfield>
    <subfield code="o">H338.1 INF 52</subfield>
    <subfield code="p">R01616</subfield>
    <subfield code="r">2026-04-10 16:07:48</subfield>
    <subfield code="w">2026-04-10</subfield>
    <subfield code="y">RN</subfield>
  </datafield>
  <datafield tag="952" ind1=" " ind2=" ">
    <subfield code="0">0</subfield>
    <subfield code="1">0</subfield>
    <subfield code="4">0</subfield>
    <subfield code="7">0</subfield>
    <subfield code="a">BCEJYS</subfield>
    <subfield code="b">BCEJYS</subfield>
    <subfield code="c">17</subfield>
    <subfield code="d">2001-10-01</subfield>
    <subfield code="h">A&#xF1;o 10, N&#xBA; 38 - oct. 2001</subfield>
    <subfield code="l">0</subfield>
    <subfield code="o">H338.1 INF 38</subfield>
    <subfield code="p">R00853</subfield>
    <subfield code="r">2026-04-10 16:07:48</subfield>
    <subfield code="w">2026-04-10</subfield>
    <subfield code="y">RN</subfield>
  </datafield>
  <datafield tag="952" ind1=" " ind2=" ">
    <subfield code="0">0</subfield>
    <subfield code="1">0</subfield>
    <subfield code="4">0</subfield>
    <subfield code="7">0</subfield>
    <subfield code="a">BCEJYS</subfield>
    <subfield code="b">BCEJYS</subfield>
    <subfield code="c">13</subfield>
    <subfield code="d">2001-07-01</subfield>
    <subfield code="h">A&#xF1;o 10, N&#xBA; 37 - jul. 2001</subfield>
    <subfield code="l">0</subfield>
    <subfield code="o">H338.1 INF 37</subfield>
    <subfield code="p">R21184</subfield>
    <subfield code="r">2026-04-10 16:07:48</subfield>
    <subfield code="w">2026-04-10</subfield>
    <subfield code="y">RN</subfield>
  </datafield>
  <datafield tag="952" ind1=" " ind2=" ">
    <subfield code="0">0</subfield>
    <subfield code="1">0</subfield>
    <subfield code="4">0</subfield>
    <subfield code="7">0</subfield>
    <subfield code="a">BCEJYS</subfield>
    <subfield code="b">BCEJYS</subfield>
    <subfield code="c">13</subfield>
    <subfield code="d">2001-04-01</subfield>
    <subfield code="h">A&#xF1;o 10, N&#xBA; 36 - abr. 2001</subfield>
    <subfield code="l">0</subfield>
    <subfield code="o">H338.1 INF 36</subfield>
    <subfield code="p">R21183</subfield>
    <subfield code="r">2026-04-10 16:07:48</subfield>
    <subfield code="w">2026-04-10</subfield>
    <subfield code="y">RN</subfield>
  </datafield>
  <datafield tag="952" ind1=" " ind2=" ">
    <subfield code="0">0</subfield>
    <subfield code="1">0</subfield>
    <subfield code="4">0</subfield>
    <subfield code="7">0</subfield>
    <subfield code="a">BCEJYS</subfield>
    <subfield code="b">BCEJYS</subfield>
    <subfield code="c">13</subfield>
    <subfield code="d">2001-01-01</subfield>
    <subfield code="h">A&#xF1;o 9, N&#xBA; 35 - ene. 2001</subfield>
    <subfield code="l">0</subfield>
    <subfield code="o">H338.1 INF 35</subfield>
    <subfield code="p">R21185</subfield>
    <subfield code="r">2026-04-10 16:07:48</subfield>
    <subfield code="w">2026-04-10</subfield>
    <subfield code="y">RN</subfield>
  </datafield>
  <datafield tag="952" ind1=" " ind2=" ">
    <subfield code="0">0</subfield>
    <subfield code="1">0</subfield>
    <subfield code="4">0</subfield>
    <subfield code="7">0</subfield>
    <subfield code="a">BCEJYS</subfield>
    <subfield code="b">BCEJYS</subfield>
    <subfield code="c">13</subfield>
    <subfield code="d">2000-10-01</subfield>
    <subfield code="h">A&#xF1;o 9, N&#xBA; 34 - oct. 2000</subfield>
    <subfield code="l">0</subfield>
    <subfield code="o">H338.1 INF 34</subfield>
    <subfield code="p">R21182</subfield>
    <subfield code="r">2026-04-10 16:07:48</subfield>
    <subfield code="w">2026-04-10</subfield>
    <subfield code="y">RN</subfield>
  </datafield>
  <datafield tag="952" ind1=" " ind2=" ">
    <subfield code="0">0</subfield>
    <subfield code="1">0</subfield>
    <subfield code="4">0</subfield>
    <subfield code="7">0</subfield>
    <subfield code="a">BCEJYS</subfield>
    <subfield code="b">BCEJYS</subfield>
    <subfield code="c">17</subfield>
    <subfield code="d">2000-07-01</subfield>
    <subfield code="h">A&#xF1;o 9, N&#xBA; 33 - jul. 2000</subfield>
    <subfield code="l">0</subfield>
    <subfield code="o">H338.1 INF 33</subfield>
    <subfield code="p">R00852</subfield>
    <subfield code="r">2026-04-10 16:07:48</subfield>
    <subfield code="w">2026-04-10</subfield>
    <subfield code="y">RN</subfield>
  </datafield>
  <datafield tag="952" ind1=" " ind2=" ">
    <subfield code="0">0</subfield>
    <subfield code="1">0</subfield>
    <subfield code="4">0</subfield>
    <subfield code="7">0</subfield>
    <subfield code="a">BCEJYS</subfield>
    <subfield code="b">BCEJYS</subfield>
    <subfield code="c">17</subfield>
    <subfield code="d">2000-04-01</subfield>
    <subfield code="h">A&#xF1;o 9, N&#xBA; 32 - abr. 2000</subfield>
    <subfield code="l">0</subfield>
    <subfield code="o">H338.1 INF 32</subfield>
    <subfield code="p">R00854</subfield>
    <subfield code="r">2026-04-10 16:07:48</subfield>
    <subfield code="w">2026-04-10</subfield>
    <subfield code="y">RN</subfield>
  </datafield>
  <datafield tag="952" ind1=" " ind2=" ">
    <subfield code="0">0</subfield>
    <subfield code="1">0</subfield>
    <subfield code="4">0</subfield>
    <subfield code="7">0</subfield>
    <subfield code="a">BCEJYS</subfield>
    <subfield code="b">BCEJYS</subfield>
    <subfield code="c">17</subfield>
    <subfield code="d">2000-01-01</subfield>
    <subfield code="h">A&#xF1;o 9, N&#xBA; 31 - ene. 2000</subfield>
    <subfield code="l">0</subfield>
    <subfield code="o">H338.1 INF 31</subfield>
    <subfield code="p">R00898</subfield>
    <subfield code="r">2026-04-10 16:07:48</subfield>
    <subfield code="w">2026-04-10</subfield>
    <subfield code="y">RN</subfield>
  </datafield>
  <datafield tag="952" ind1=" " ind2=" ">
    <subfield code="0">0</subfield>
    <subfield code="1">0</subfield>
    <subfield code="4">0</subfield>
    <subfield code="7">0</subfield>
    <subfield code="a">BCEJYS</subfield>
    <subfield code="b">BCEJYS</subfield>
    <subfield code="c">17</subfield>
    <subfield code="d">1999-10-01</subfield>
    <subfield code="h">A&#xF1;o 8, N&#xBA; 30 - oct. 1999</subfield>
    <subfield code="l">0</subfield>
    <subfield code="o">H338.1 INF 30</subfield>
    <subfield code="p">R00897</subfield>
    <subfield code="r">2026-04-10 16:07:48</subfield>
    <subfield code="w">2026-04-10</subfield>
    <subfield code="y">RN</subfield>
  </datafield>
  <datafield tag="952" ind1=" " ind2=" ">
    <subfield code="0">0</subfield>
    <subfield code="1">0</subfield>
    <subfield code="4">0</subfield>
    <subfield code="7">0</subfield>
    <subfield code="a">BCEJYS</subfield>
    <subfield code="b">BCEJYS</subfield>
    <subfield code="c">17</subfield>
    <subfield code="d">1999-07-01</subfield>
    <subfield code="h">A&#xF1;o 8, N&#xBA; 29 - jul. 1999</subfield>
    <subfield code="l">0</subfield>
    <subfield code="o">H338.1 INF 29</subfield>
    <subfield code="p">R00896</subfield>
    <subfield code="r">2026-04-10 16:07:48</subfield>
    <subfield code="w">2026-04-10</subfield>
    <subfield code="y">RN</subfield>
  </datafield>
  <datafield tag="952" ind1=" " ind2=" ">
    <subfield code="0">0</subfield>
    <subfield code="1">0</subfield>
    <subfield code="4">0</subfield>
    <subfield code="7">0</subfield>
    <subfield code="a">BCEJYS</subfield>
    <subfield code="b">BCEJYS</subfield>
    <subfield code="c">17</subfield>
    <subfield code="d">1999-04-01</subfield>
    <subfield code="h">A&#xF1;o 8, N&#xBA; 28 - abr. 1999</subfield>
    <subfield code="l">0</subfield>
    <subfield code="o">H338.1 INF 28</subfield>
    <subfield code="p">R00895</subfield>
    <subfield code="r">2026-04-10 16:07:48</subfield>
    <subfield code="w">2026-04-10</subfield>
    <subfield code="y">RN</subfield>
  </datafield>
  <datafield tag="952" ind1=" " ind2=" ">
    <subfield code="0">0</subfield>
    <subfield code="1">0</subfield>
    <subfield code="4">0</subfield>
    <subfield code="7">0</subfield>
    <subfield code="a">BCEJYS</subfield>
    <subfield code="b">BCEJYS</subfield>
    <subfield code="c">17</subfield>
    <subfield code="d">1999-01-01</subfield>
    <subfield code="h">A&#xF1;o 8, N&#xBA; 27 - ene. 1999</subfield>
    <subfield code="l">0</subfield>
    <subfield code="o">H338.1 INF 27</subfield>
    <subfield code="p">R00893</subfield>
    <subfield code="r">2026-04-10 16:07:48</subfield>
    <subfield code="w">2026-04-10</subfield>
    <subfield code="y">RN</subfield>
  </datafield>
  <datafield tag="952" ind1=" " ind2=" ">
    <subfield code="0">0</subfield>
    <subfield code="1">0</subfield>
    <subfield code="4">0</subfield>
    <subfield code="7">0</subfield>
    <subfield code="a">BCEJYS</subfield>
    <subfield code="b">BCEJYS</subfield>
    <subfield code="c">17</subfield>
    <subfield code="d">1998-10-01</subfield>
    <subfield code="h">A&#xF1;o 7, N&#xBA; 26 - oct. 1998</subfield>
    <subfield code="l">0</subfield>
    <subfield code="o">H338.1 INF 26</subfield>
    <subfield code="p">R00891</subfield>
    <subfield code="r">2026-04-10 16:07:48</subfield>
    <subfield code="w">2026-04-10</subfield>
    <subfield code="y">RN</subfield>
  </datafield>
  <datafield tag="952" ind1=" " ind2=" ">
    <subfield code="0">0</subfield>
    <subfield code="1">0</subfield>
    <subfield code="4">0</subfield>
    <subfield code="7">0</subfield>
    <subfield code="a">BCEJYS</subfield>
    <subfield code="b">BCEJYS</subfield>
    <subfield code="c">17</subfield>
    <subfield code="d">1998-07-01</subfield>
    <subfield code="h">A&#xF1;o 7, N&#xBA; 25 - jul. 1998</subfield>
    <subfield code="l">0</subfield>
    <subfield code="o">H338.1 INF 25</subfield>
    <subfield code="p">R00890</subfield>
    <subfield code="r">2026-04-10 16:07:48</subfield>
    <subfield code="w">2026-04-10</subfield>
    <subfield code="y">RN</subfield>
  </datafield>
  <datafield tag="952" ind1=" " ind2=" ">
    <subfield code="0">0</subfield>
    <subfield code="1">0</subfield>
    <subfield code="4">0</subfield>
    <subfield code="7">0</subfield>
    <subfield code="a">BCEJYS</subfield>
    <subfield code="b">BCEJYS</subfield>
    <subfield code="c">17</subfield>
    <subfield code="d">1998-03-01</subfield>
    <subfield code="h">A&#xF1;o 6, N&#xBA; 24 - mar. 1998</subfield>
    <subfield code="l">0</subfield>
    <subfield code="o">H338.1 INF 24</subfield>
    <subfield code="p">R00884</subfield>
    <subfield code="r">2026-04-10 16:07:48</subfield>
    <subfield code="w">2026-04-10</subfield>
    <subfield code="y">RN</subfield>
  </datafield>
  <datafield tag="952" ind1=" " ind2=" ">
    <subfield code="0">0</subfield>
    <subfield code="1">0</subfield>
    <subfield code="4">0</subfield>
    <subfield code="7">0</subfield>
    <subfield code="a">BCEJYS</subfield>
    <subfield code="b">BCEJYS</subfield>
    <subfield code="c">17</subfield>
    <subfield code="d">1997-12-01</subfield>
    <subfield code="h">A&#xF1;o 6, N&#xBA; 23 - dic. 1997</subfield>
    <subfield code="l">0</subfield>
    <subfield code="o">H338.1 INF 23</subfield>
    <subfield code="p">R00881</subfield>
    <subfield code="r">2026-04-10 16:07:48</subfield>
    <subfield code="w">2026-04-10</subfield>
    <subfield code="y">RN</subfield>
  </datafield>
  <datafield tag="952" ind1=" " ind2=" ">
    <subfield code="0">0</subfield>
    <subfield code="1">0</subfield>
    <subfield code="4">0</subfield>
    <subfield code="7">0</subfield>
    <subfield code="a">BCEJYS</subfield>
    <subfield code="b">BCEJYS</subfield>
    <subfield code="c">17</subfield>
    <subfield code="d">1997-10-01</subfield>
    <subfield code="h">A&#xF1;o 6, N&#xBA; 22 - oct. 1997</subfield>
    <subfield code="l">0</subfield>
    <subfield code="o">H338.1 INF 22</subfield>
    <subfield code="p">R00880</subfield>
    <subfield code="r">2026-04-10 16:07:48</subfield>
    <subfield code="w">2026-04-10</subfield>
    <subfield code="y">RN</subfield>
  </datafield>
  <datafield tag="952" ind1=" " ind2=" ">
    <subfield code="0">0</subfield>
    <subfield code="1">0</subfield>
    <subfield code="4">0</subfield>
    <subfield code="7">0</subfield>
    <subfield code="a">BCEJYS</subfield>
    <subfield code="b">BCEJYS</subfield>
    <subfield code="c">17</subfield>
    <subfield code="d">1997-07-01</subfield>
    <subfield code="h">A&#xF1;o 6, N&#xBA; 21 - jul. 1997</subfield>
    <subfield code="l">0</subfield>
    <subfield code="o">H338.1 INF 21</subfield>
    <subfield code="p">R00878</subfield>
    <subfield code="r">2026-04-10 16:07:48</subfield>
    <subfield code="w">2026-04-10</subfield>
    <subfield code="y">RN</subfield>
  </datafield>
  <datafield tag="952" ind1=" " ind2=" ">
    <subfield code="0">0</subfield>
    <subfield code="1">0</subfield>
    <subfield code="4">0</subfield>
    <subfield code="7">0</subfield>
    <subfield code="a">BCEJYS</subfield>
    <subfield code="b">BCEJYS</subfield>
    <subfield code="c">17</subfield>
    <subfield code="d">1997-04-01</subfield>
    <subfield code="h">A&#xF1;o 6, N&#xBA; 20 - abr. 1997</subfield>
    <subfield code="l">0</subfield>
    <subfield code="o">H338.1 INF 20</subfield>
    <subfield code="p">R08482</subfield>
    <subfield code="r">2026-04-10 16:07:48</subfield>
    <subfield code="w">2026-04-10</subfield>
    <subfield code="y">RN</subfield>
  </datafield>
  <datafield tag="952" ind1=" " ind2=" ">
    <subfield code="0">0</subfield>
    <subfield code="1">0</subfield>
    <subfield code="4">0</subfield>
    <subfield code="7">0</subfield>
    <subfield code="a">BCEJYS</subfield>
    <subfield code="b">BCEJYS</subfield>
    <subfield code="c">17</subfield>
    <subfield code="d">1996-12-01</subfield>
    <subfield code="h">A&#xF1;o 5, N&#xBA; 19 - dic. 1996</subfield>
    <subfield code="l">0</subfield>
    <subfield code="o">H338.1 INF 19</subfield>
    <subfield code="p">R08481</subfield>
    <subfield code="r">2026-04-10 16:07:48</subfield>
    <subfield code="w">2026-04-10</subfield>
    <subfield code="y">RN</subfield>
  </datafield>
  <datafield tag="952" ind1=" " ind2=" ">
    <subfield code="0">0</subfield>
    <subfield code="1">0</subfield>
    <subfield code="4">0</subfield>
    <subfield code="7">0</subfield>
    <subfield code="a">BCEJYS</subfield>
    <subfield code="b">BCEJYS</subfield>
    <subfield code="c">17</subfield>
    <subfield code="d">1996-09-01</subfield>
    <subfield code="h">A&#xF1;o 5, N&#xBA; 18 - sep. 1996</subfield>
    <subfield code="l">0</subfield>
    <subfield code="o">H338.1 INF 18</subfield>
    <subfield code="p">R08480</subfield>
    <subfield code="r">2026-04-10 16:07:48</subfield>
    <subfield code="w">2026-04-10</subfield>
    <subfield code="y">RN</subfield>
  </datafield>
  <datafield tag="952" ind1=" " ind2=" ">
    <subfield code="0">0</subfield>
    <subfield code="1">0</subfield>
    <subfield code="4">0</subfield>
    <subfield code="7">0</subfield>
    <subfield code="a">BCEJYS</subfield>
    <subfield code="b">BCEJYS</subfield>
    <subfield code="c">17</subfield>
    <subfield code="d">1996-06-01</subfield>
    <subfield code="h">A&#xF1;o 5, N&#xBA; 17 - jun. 1996</subfield>
    <subfield code="l">0</subfield>
    <subfield code="o">H338.1 INF 17</subfield>
    <subfield code="p">R08479</subfield>
    <subfield code="r">2026-04-10 16:07:48</subfield>
    <subfield code="w">2026-04-10</subfield>
    <subfield code="y">RN</subfield>
  </datafield>
  <datafield tag="952" ind1=" " ind2=" ">
    <subfield code="0">0</subfield>
    <subfield code="1">0</subfield>
    <subfield code="4">0</subfield>
    <subfield code="7">0</subfield>
    <subfield code="a">BCEJYS</subfield>
    <subfield code="b">BCEJYS</subfield>
    <subfield code="c">17</subfield>
    <subfield code="d">1996-04-01</subfield>
    <subfield code="h">A&#xF1;o 5, N&#xBA; 16 - abr. 1996</subfield>
    <subfield code="l">0</subfield>
    <subfield code="o">H338.1 INF 16</subfield>
    <subfield code="p">R08478</subfield>
    <subfield code="r">2026-04-10 16:07:48</subfield>
    <subfield code="w">2026-04-10</subfield>
    <subfield code="y">RN</subfield>
  </datafield>
  <datafield tag="952" ind1=" " ind2=" ">
    <subfield code="0">0</subfield>
    <subfield code="1">0</subfield>
    <subfield code="4">0</subfield>
    <subfield code="7">0</subfield>
    <subfield code="a">BCEJYS</subfield>
    <subfield code="b">BCEJYS</subfield>
    <subfield code="c">17</subfield>
    <subfield code="d">1995-12-01</subfield>
    <subfield code="h">A&#xF1;o 4, N&#xBA; 15 - dic. 1995</subfield>
    <subfield code="l">0</subfield>
    <subfield code="o">H338.1 INF 15</subfield>
    <subfield code="p">R08477</subfield>
    <subfield code="r">2026-04-10 16:07:48</subfield>
    <subfield code="w">2026-04-10</subfield>
    <subfield code="y">RN</subfield>
  </datafield>
  <datafield tag="952" ind1=" " ind2=" ">
    <subfield code="0">0</subfield>
    <subfield code="1">0</subfield>
    <subfield code="4">0</subfield>
    <subfield code="7">0</subfield>
    <subfield code="a">BCEJYS</subfield>
    <subfield code="b">BCEJYS</subfield>
    <subfield code="c">17</subfield>
    <subfield code="d">1995-10-01</subfield>
    <subfield code="h">A&#xF1;o 4, N&#xBA; 14 - oct. 1995</subfield>
    <subfield code="l">0</subfield>
    <subfield code="o">H338.1 INF 14</subfield>
    <subfield code="p">R08476</subfield>
    <subfield code="r">2026-04-10 16:07:48</subfield>
    <subfield code="w">2026-04-10</subfield>
    <subfield code="y">RN</subfield>
  </datafield>
  <datafield tag="952" ind1=" " ind2=" ">
    <subfield code="0">0</subfield>
    <subfield code="1">0</subfield>
    <subfield code="4">0</subfield>
    <subfield code="7">0</subfield>
    <subfield code="a">BCEJYS</subfield>
    <subfield code="b">BCEJYS</subfield>
    <subfield code="c">17</subfield>
    <subfield code="d">1995-06-01</subfield>
    <subfield code="h">A&#xF1;o 4, N&#xBA; 13 - jun. 1995</subfield>
    <subfield code="l">0</subfield>
    <subfield code="o">H338.1 INF 13</subfield>
    <subfield code="p">R08475</subfield>
    <subfield code="r">2026-04-10 16:07:48</subfield>
    <subfield code="w">2026-04-10</subfield>
    <subfield code="y">RN</subfield>
  </datafield>
  <datafield tag="952" ind1=" " ind2=" ">
    <subfield code="0">0</subfield>
    <subfield code="1">0</subfield>
    <subfield code="4">0</subfield>
    <subfield code="7">0</subfield>
    <subfield code="a">BCEJYS</subfield>
    <subfield code="b">BCEJYS</subfield>
    <subfield code="c">17</subfield>
    <subfield code="d">1995-03-01</subfield>
    <subfield code="h">A&#xF1;o 4, N&#xBA; 12 - mar. 1995</subfield>
    <subfield code="l">0</subfield>
    <subfield code="o">H338.1 INF 12</subfield>
    <subfield code="p">R08474</subfield>
    <subfield code="r">2026-04-10 16:07:48</subfield>
    <subfield code="w">2026-04-10</subfield>
    <subfield code="y">RN</subfield>
  </datafield>
  <datafield tag="952" ind1=" " ind2=" ">
    <subfield code="0">0</subfield>
    <subfield code="1">0</subfield>
    <subfield code="4">0</subfield>
    <subfield code="7">0</subfield>
    <subfield code="a">BCEJYS</subfield>
    <subfield code="b">BCEJYS</subfield>
    <subfield code="c">17</subfield>
    <subfield code="d">1994-12-01</subfield>
    <subfield code="h">A&#xF1;o 3, N&#xBA; 11 - dic. 1994</subfield>
    <subfield code="l">0</subfield>
    <subfield code="o">H338.1 INF 11</subfield>
    <subfield code="p">R08466</subfield>
    <subfield code="r">2026-04-10 16:07:48</subfield>
    <subfield code="w">2026-04-10</subfield>
    <subfield code="y">RN</subfield>
  </datafield>
  <datafield tag="952" ind1=" " ind2=" ">
    <subfield code="0">0</subfield>
    <subfield code="1">0</subfield>
    <subfield code="4">0</subfield>
    <subfield code="7">0</subfield>
    <subfield code="a">BCEJYS</subfield>
    <subfield code="b">BCEJYS</subfield>
    <subfield code="c">17</subfield>
    <subfield code="d">1994-09-01</subfield>
    <subfield code="h">A&#xF1;o 3, N&#xBA; 10 - sep. 1994</subfield>
    <subfield code="l">0</subfield>
    <subfield code="o">H338.1 INF 10</subfield>
    <subfield code="p">R08473</subfield>
    <subfield code="r">2026-04-10 16:07:48</subfield>
    <subfield code="w">2026-04-10</subfield>
    <subfield code="y">RN</subfield>
  </datafield>
  <datafield tag="952" ind1=" " ind2=" ">
    <subfield code="0">0</subfield>
    <subfield code="1">0</subfield>
    <subfield code="4">0</subfield>
    <subfield code="7">0</subfield>
    <subfield code="a">BCEJYS</subfield>
    <subfield code="b">BCEJYS</subfield>
    <subfield code="c">17</subfield>
    <subfield code="d">1994-06-01</subfield>
    <subfield code="h">A&#xF1;o 3, N&#xBA; 9 - jun. 1994</subfield>
    <subfield code="l">0</subfield>
    <subfield code="o">H338.1 INF 9</subfield>
    <subfield code="p">R08472</subfield>
    <subfield code="r">2026-04-10 16:07:48</subfield>
    <subfield code="w">2026-04-10</subfield>
    <subfield code="y">RN</subfield>
  </datafield>
  <datafield tag="952" ind1=" " ind2=" ">
    <subfield code="0">0</subfield>
    <subfield code="1">0</subfield>
    <subfield code="4">0</subfield>
    <subfield code="7">0</subfield>
    <subfield code="a">BCEJYS</subfield>
    <subfield code="b">BCEJYS</subfield>
    <subfield code="c">17</subfield>
    <subfield code="d">1994-04-01</subfield>
    <subfield code="h">A&#xF1;o 2, N&#xBA; 8 - abr. 1994</subfield>
    <subfield code="l">0</subfield>
    <subfield code="o">H338.1 INF 8</subfield>
    <subfield code="p">R08471</subfield>
    <subfield code="r">2026-04-10 16:07:48</subfield>
    <subfield code="w">2026-04-10</subfield>
    <subfield code="y">RN</subfield>
  </datafield>
  <datafield tag="952" ind1=" " ind2=" ">
    <subfield code="0">0</subfield>
    <subfield code="1">0</subfield>
    <subfield code="4">0</subfield>
    <subfield code="7">0</subfield>
    <subfield code="a">BCEJYS</subfield>
    <subfield code="b">BCEJYS</subfield>
    <subfield code="c">17</subfield>
    <subfield code="d">1993-11-01</subfield>
    <subfield code="h">A&#xF1;o 2, N&#xBA; 7 - nov. 1993</subfield>
    <subfield code="l">0</subfield>
    <subfield code="o">H338.1 INF 7</subfield>
    <subfield code="p">R08470</subfield>
    <subfield code="r">2026-04-10 16:07:48</subfield>
    <subfield code="w">2026-04-10</subfield>
    <subfield code="y">RN</subfield>
  </datafield>
  <datafield tag="952" ind1=" " ind2=" ">
    <subfield code="0">0</subfield>
    <subfield code="1">0</subfield>
    <subfield code="4">0</subfield>
    <subfield code="7">0</subfield>
    <subfield code="a">BCEJYS</subfield>
    <subfield code="b">BCEJYS</subfield>
    <subfield code="c">17</subfield>
    <subfield code="d">1993-08-01</subfield>
    <subfield code="h">A&#xF1;o 2, N&#xBA; 6 - ago. 1993</subfield>
    <subfield code="l">0</subfield>
    <subfield code="o">H338.1 INF 6</subfield>
    <subfield code="p">R08469</subfield>
    <subfield code="r">2026-04-10 16:07:48</subfield>
    <subfield code="w">2026-04-10</subfield>
    <subfield code="y">RN</subfield>
  </datafield>
  <datafield tag="952" ind1=" " ind2=" ">
    <subfield code="0">0</subfield>
    <subfield code="1">0</subfield>
    <subfield code="4">0</subfield>
    <subfield code="7">0</subfield>
    <subfield code="a">BCEJYS</subfield>
    <subfield code="b">BCEJYS</subfield>
    <subfield code="c">17</subfield>
    <subfield code="d">1993-05-01</subfield>
    <subfield code="h">A&#xF1;o 2, N&#xBA; 5 - mayo 1993</subfield>
    <subfield code="l">0</subfield>
    <subfield code="o">H338.1 INF 5</subfield>
    <subfield code="p">R08468</subfield>
    <subfield code="r">2026-04-10 16:07:48</subfield>
    <subfield code="w">2026-04-10</subfield>
    <subfield code="y">RN</subfield>
  </datafield>
  <datafield tag="952" ind1=" " ind2=" ">
    <subfield code="0">0</subfield>
    <subfield code="1">0</subfield>
    <subfield code="4">0</subfield>
    <subfield code="7">0</subfield>
    <subfield code="a">BCEJYS</subfield>
    <subfield code="b">BCEJYS</subfield>
    <subfield code="c">17</subfield>
    <subfield code="d">1993-02-01</subfield>
    <subfield code="h">A&#xF1;o 1, N&#xBA; 4 - feb. 1993</subfield>
    <subfield code="l">0</subfield>
    <subfield code="o">H338.1 INF 4</subfield>
    <subfield code="p">R08467</subfield>
    <subfield code="r">2026-04-10 16:07:48</subfield>
    <subfield code="w">2026-04-10</subfield>
    <subfield code="y">RN</subfield>
  </datafield>
  <datafield tag="952" ind1=" " ind2=" ">
    <subfield code="0">0</subfield>
    <subfield code="1">0</subfield>
    <subfield code="4">0</subfield>
    <subfield code="7">0</subfield>
    <subfield code="a">BCEJYS</subfield>
    <subfield code="b">BCEJYS</subfield>
    <subfield code="c">17</subfield>
    <subfield code="d">1992-05-01</subfield>
    <subfield code="h">A&#xF1;o 1, N&#xBA; 1 - mayo 1992</subfield>
    <subfield code="l">0</subfield>
    <subfield code="o">H338.1 INF 1.1992</subfield>
    <subfield code="p">R09457</subfield>
    <subfield code="r">2026-04-10 16:07:48</subfield>
    <subfield code="w">2026-04-10</subfield>
    <subfield code="y">RN</subfield>
  </datafield>
  <datafield tag="952" ind1=" " ind2=" ">
    <subfield code="0">0</subfield>
    <subfield code="1">0</subfield>
    <subfield code="4">0</subfield>
    <subfield code="7">0</subfield>
    <subfield code="a">BCEJYS</subfield>
    <subfield code="b">BCEJYS</subfield>
    <subfield code="c">17</subfield>
    <subfield code="d">1983-01-01</subfield>
    <subfield code="h">ene. 1983</subfield>
    <subfield code="l">0</subfield>
    <subfield code="o">H338.1 INF 1980/1983</subfield>
    <subfield code="p">R08670</subfield>
    <subfield code="r">2026-04-10 16:07:48</subfield>
    <subfield code="w">2026-04-10</subfield>
    <subfield code="y">RN</subfield>
  </datafield>
  <datafield tag="952" ind1=" " ind2=" ">
    <subfield code="0">0</subfield>
    <subfield code="1">0</subfield>
    <subfield code="4">0</subfield>
    <subfield code="7">0</subfield>
    <subfield code="a">BCEJYS</subfield>
    <subfield code="b">BCEJYS</subfield>
    <subfield code="c">17</subfield>
    <subfield code="d">1982-01-01</subfield>
    <subfield code="h">ene. 1982</subfield>
    <subfield code="l">0</subfield>
    <subfield code="o">H338.1 INF 1978/1981</subfield>
    <subfield code="p">R20420</subfield>
    <subfield code="r">2026-04-10 16:07:48</subfield>
    <subfield code="w">2026-04-10</subfield>
    <subfield code="y">RN</subfield>
  </datafield>
  <datafield tag="952" ind1=" " ind2=" ">
    <subfield code="0">0</subfield>
    <subfield code="1">0</subfield>
    <subfield code="4">0</subfield>
    <subfield code="7">0</subfield>
    <subfield code="a">BCEJYS</subfield>
    <subfield code="b">BCEJYS</subfield>
    <subfield code="c">17</subfield>
    <subfield code="d">1976-04-01</subfield>
    <subfield code="h">N&#xBA; 2 - abr. 1976</subfield>
    <subfield code="l">0</subfield>
    <subfield code="o">H338.1 INF 2.1976</subfield>
    <subfield code="p">R08508</subfield>
    <subfield code="r">2026-04-10 16:07:48</subfield>
    <subfield code="w">2026-04-10</subfield>
    <subfield code="y">RN</subfield>
  </datafield>
  <datafield tag="952" ind1=" " ind2=" ">
    <subfield code="0">0</subfield>
    <subfield code="1">0</subfield>
    <subfield code="4">0</subfield>
    <subfield code="7">0</subfield>
    <subfield code="a">BCEJYS</subfield>
    <subfield code="b">BCEJYS</subfield>
    <subfield code="c">17</subfield>
    <subfield code="d">1976-01-01</subfield>
    <subfield code="h">N&#xBA; 1 - ene. 1976</subfield>
    <subfield code="l">0</subfield>
    <subfield code="o">H338.1 INF 1.1976</subfield>
    <subfield code="p">R08507</subfield>
    <subfield code="r">2026-04-10 16:07:48</subfield>
    <subfield code="w">2026-04-10</subfield>
    <subfield code="y">RN</subfield>
  </datafield>
  <datafield tag="952" ind1=" " ind2=" ">
    <subfield code="0">0</subfield>
    <subfield code="1">0</subfield>
    <subfield code="4">0</subfield>
    <subfield code="7">0</subfield>
    <subfield code="a">BCEJYS</subfield>
    <subfield code="b">BCEJYS</subfield>
    <subfield code="c">17</subfield>
    <subfield code="d">1975-10-01</subfield>
    <subfield code="h">N&#xBA; 4 - oct. 1975</subfield>
    <subfield code="l">0</subfield>
    <subfield code="o">H338.1 INF 4.1975</subfield>
    <subfield code="p">R08506</subfield>
    <subfield code="r">2026-04-10 16:07:48</subfield>
    <subfield code="w">2026-04-10</subfield>
    <subfield code="y">RN</subfield>
  </datafield>
  <datafield tag="952" ind1=" " ind2=" ">
    <subfield code="0">0</subfield>
    <subfield code="1">0</subfield>
    <subfield code="4">0</subfield>
    <subfield code="7">0</subfield>
    <subfield code="a">BCEJYS</subfield>
    <subfield code="b">BCEJYS</subfield>
    <subfield code="c">17</subfield>
    <subfield code="d">1975-07-01</subfield>
    <subfield code="h">N&#xBA; 3 - jul. 1975</subfield>
    <subfield code="l">0</subfield>
    <subfield code="o">H338.1 INF 3.1975</subfield>
    <subfield code="p">R08505</subfield>
    <subfield code="r">2026-04-10 16:07:48</subfield>
    <subfield code="w">2026-04-10</subfield>
    <subfield code="y">RN</subfield>
  </datafield>
  <datafield tag="952" ind1=" " ind2=" ">
    <subfield code="0">0</subfield>
    <subfield code="1">0</subfield>
    <subfield code="4">0</subfield>
    <subfield code="7">0</subfield>
    <subfield code="a">BCEJYS</subfield>
    <subfield code="b">BCEJYS</subfield>
    <subfield code="c">17</subfield>
    <subfield code="d">1975-04-01</subfield>
    <subfield code="h">N&#xBA; 2 - abr. 1975</subfield>
    <subfield code="l">0</subfield>
    <subfield code="o">H338.1 INF 2.1975</subfield>
    <subfield code="p">R08504</subfield>
    <subfield code="r">2026-04-10 16:07:48</subfield>
    <subfield code="w">2026-04-10</subfield>
    <subfield code="y">RN</subfield>
  </datafield>
  <datafield tag="952" ind1=" " ind2=" ">
    <subfield code="0">0</subfield>
    <subfield code="1">0</subfield>
    <subfield code="4">0</subfield>
    <subfield code="7">0</subfield>
    <subfield code="a">BCEJYS</subfield>
    <subfield code="b">BCEJYS</subfield>
    <subfield code="c">17</subfield>
    <subfield code="d">1975-01-01</subfield>
    <subfield code="h">N&#xBA; 1 - ene. 1975</subfield>
    <subfield code="l">0</subfield>
    <subfield code="o">H338.1 INF 1.1975</subfield>
    <subfield code="p">R08503</subfield>
    <subfield code="r">2026-04-10 16:07:48</subfield>
    <subfield code="w">2026-04-10</subfield>
    <subfield code="y">RN</subfield>
  </datafield>
  <datafield tag="952" ind1=" " ind2=" ">
    <subfield code="0">0</subfield>
    <subfield code="1">0</subfield>
    <subfield code="4">0</subfield>
    <subfield code="7">0</subfield>
    <subfield code="a">BCEJYS</subfield>
    <subfield code="b">BCEJYS</subfield>
    <subfield code="c">17</subfield>
    <subfield code="d">1974-10-01</subfield>
    <subfield code="h">N&#xBA; 4 - oct. 1974</subfield>
    <subfield code="l">0</subfield>
    <subfield code="o">H338.1 INF 4.1974</subfield>
    <subfield code="p">R08502</subfield>
    <subfield code="r">2026-04-10 16:07:48</subfield>
    <subfield code="w">2026-04-10</subfield>
    <subfield code="y">RN</subfield>
  </datafield>
  <datafield tag="952" ind1=" " ind2=" ">
    <subfield code="0">0</subfield>
    <subfield code="1">0</subfield>
    <subfield code="4">0</subfield>
    <subfield code="7">0</subfield>
    <subfield code="a">BCEJYS</subfield>
    <subfield code="b">BCEJYS</subfield>
    <subfield code="c">17</subfield>
    <subfield code="d">1974-07-01</subfield>
    <subfield code="h">N&#xBA; 3 - jul. 1974</subfield>
    <subfield code="l">0</subfield>
    <subfield code="o">H338.1 INF 3.1974</subfield>
    <subfield code="p">R08501</subfield>
    <subfield code="r">2026-04-10 16:07:48</subfield>
    <subfield code="w">2026-04-10</subfield>
    <subfield code="y">RN</subfield>
  </datafield>
  <datafield tag="952" ind1=" " ind2=" ">
    <subfield code="0">0</subfield>
    <subfield code="1">0</subfield>
    <subfield code="4">0</subfield>
    <subfield code="7">0</subfield>
    <subfield code="a">BCEJYS</subfield>
    <subfield code="b">BCEJYS</subfield>
    <subfield code="c">17</subfield>
    <subfield code="d">1974-01-01</subfield>
    <subfield code="h">ene./jun. 1974</subfield>
    <subfield code="l">0</subfield>
    <subfield code="o">H338.1 INF 1974/1</subfield>
    <subfield code="p">R08669</subfield>
    <subfield code="r">2026-04-10 16:07:48</subfield>
    <subfield code="w">2026-04-10</subfield>
    <subfield code="y">RN</subfield>
  </datafield>
  <datafield tag="952" ind1=" " ind2=" ">
    <subfield code="0">0</subfield>
    <subfield code="1">0</subfield>
    <subfield code="4">0</subfield>
    <subfield code="7">0</subfield>
    <subfield code="a">BCEJYS</subfield>
    <subfield code="b">BCEJYS</subfield>
    <subfield code="c">17</subfield>
    <subfield code="d">1974-01-01</subfield>
    <subfield code="h">N&#xBA; 1/2 - ene. 1974</subfield>
    <subfield code="l">0</subfield>
    <subfield code="o">H338.1 INF 1/2.1974</subfield>
    <subfield code="p">R08500</subfield>
    <subfield code="r">2026-04-10 16:07:48</subfield>
    <subfield code="w">2026-04-10</subfield>
    <subfield code="y">RN</subfield>
  </datafield>
  <datafield tag="952" ind1=" " ind2=" ">
    <subfield code="0">0</subfield>
    <subfield code="1">0</subfield>
    <subfield code="4">0</subfield>
    <subfield code="7">0</subfield>
    <subfield code="a">BCEJYS</subfield>
    <subfield code="b">BCEJYS</subfield>
    <subfield code="c">17</subfield>
    <subfield code="d">1973-07-01</subfield>
    <subfield code="h">N&#xBA; 3/4 - jul. 1973</subfield>
    <subfield code="l">0</subfield>
    <subfield code="o">H338.1 INF 3/4.1973</subfield>
    <subfield code="p">R08499</subfield>
    <subfield code="r">2026-04-10 16:07:48</subfield>
    <subfield code="w">2026-04-10</subfield>
    <subfield code="y">RN</subfield>
  </datafield>
  <datafield tag="952" ind1=" " ind2=" ">
    <subfield code="0">0</subfield>
    <subfield code="1">0</subfield>
    <subfield code="4">0</subfield>
    <subfield code="7">0</subfield>
    <subfield code="a">BCEJYS</subfield>
    <subfield code="b">BCEJYS</subfield>
    <subfield code="c">17</subfield>
    <subfield code="d">1973-04-01</subfield>
    <subfield code="h">N&#xBA; 2 - abr. 1973</subfield>
    <subfield code="l">0</subfield>
    <subfield code="o">H338.1 INF 2.1973</subfield>
    <subfield code="p">R08498</subfield>
    <subfield code="r">2026-04-10 16:07:48</subfield>
    <subfield code="w">2026-04-10</subfield>
    <subfield code="y">RN</subfield>
  </datafield>
  <datafield tag="952" ind1=" " ind2=" ">
    <subfield code="0">0</subfield>
    <subfield code="1">0</subfield>
    <subfield code="4">0</subfield>
    <subfield code="7">0</subfield>
    <subfield code="a">BCEJYS</subfield>
    <subfield code="b">BCEJYS</subfield>
    <subfield code="c">17</subfield>
    <subfield code="d">1973-01-01</subfield>
    <subfield code="h">ene. 1973</subfield>
    <subfield code="l">0</subfield>
    <subfield code="o">H338.1 INF 1973/1</subfield>
    <subfield code="p">R08668</subfield>
    <subfield code="r">2026-04-10 16:07:48</subfield>
    <subfield code="w">2026-04-10</subfield>
    <subfield code="y">RN</subfield>
  </datafield>
  <datafield tag="952" ind1=" " ind2=" ">
    <subfield code="0">0</subfield>
    <subfield code="1">0</subfield>
    <subfield code="4">0</subfield>
    <subfield code="7">0</subfield>
    <subfield code="a">BCEJYS</subfield>
    <subfield code="b">BCEJYS</subfield>
    <subfield code="c">17</subfield>
    <subfield code="d">1973-01-01</subfield>
    <subfield code="h">N&#xBA; 1 - ene. 1973</subfield>
    <subfield code="l">0</subfield>
    <subfield code="o">H338.1 INF 1.1973</subfield>
    <subfield code="p">R08497</subfield>
    <subfield code="r">2026-04-10 16:07:48</subfield>
    <subfield code="w">2026-04-10</subfield>
    <subfield code="y">RN</subfield>
  </datafield>
  <datafield tag="952" ind1=" " ind2=" ">
    <subfield code="0">0</subfield>
    <subfield code="1">0</subfield>
    <subfield code="4">0</subfield>
    <subfield code="7">0</subfield>
    <subfield code="a">BCEJYS</subfield>
    <subfield code="b">BCEJYS</subfield>
    <subfield code="c">17</subfield>
    <subfield code="d">1972-10-01</subfield>
    <subfield code="h">oct. 1972</subfield>
    <subfield code="l">0</subfield>
    <subfield code="o">H338.1 INF 1972/4</subfield>
    <subfield code="p">R08667</subfield>
    <subfield code="r">2026-04-10 16:07:48</subfield>
    <subfield code="w">2026-04-10</subfield>
    <subfield code="y">RN</subfield>
  </datafield>
  <datafield tag="952" ind1=" " ind2=" ">
    <subfield code="0">0</subfield>
    <subfield code="1">0</subfield>
    <subfield code="4">0</subfield>
    <subfield code="7">0</subfield>
    <subfield code="a">BCEJYS</subfield>
    <subfield code="b">BCEJYS</subfield>
    <subfield code="c">17</subfield>
    <subfield code="d">1972-07-01</subfield>
    <subfield code="h">jul. 1972</subfield>
    <subfield code="l">0</subfield>
    <subfield code="o">H338.1 INF 1972/3</subfield>
    <subfield code="p">R08666</subfield>
    <subfield code="r">2026-04-10 16:07:48</subfield>
    <subfield code="w">2026-04-10</subfield>
    <subfield code="y">RN</subfield>
  </datafield>
  <datafield tag="952" ind1=" " ind2=" ">
    <subfield code="0">0</subfield>
    <subfield code="1">0</subfield>
    <subfield code="4">0</subfield>
    <subfield code="7">0</subfield>
    <subfield code="a">BCEJYS</subfield>
    <subfield code="b">BCEJYS</subfield>
    <subfield code="c">17</subfield>
    <subfield code="d">1972-07-01</subfield>
    <subfield code="h">N&#xBA; 3 - jul. 1972</subfield>
    <subfield code="l">0</subfield>
    <subfield code="o">H338.1 INF 3.1972</subfield>
    <subfield code="p">R08496</subfield>
    <subfield code="r">2026-04-10 16:07:48</subfield>
    <subfield code="w">2026-04-10</subfield>
    <subfield code="y">RN</subfield>
  </datafield>
  <datafield tag="952" ind1=" " ind2=" ">
    <subfield code="0">0</subfield>
    <subfield code="1">0</subfield>
    <subfield code="4">0</subfield>
    <subfield code="7">0</subfield>
    <subfield code="a">BCEJYS</subfield>
    <subfield code="b">BCEJYS</subfield>
    <subfield code="c">17</subfield>
    <subfield code="d">1972-04-01</subfield>
    <subfield code="h">abr. 1972</subfield>
    <subfield code="l">0</subfield>
    <subfield code="o">H338.1 INF 1972/2</subfield>
    <subfield code="p">R08665</subfield>
    <subfield code="r">2026-04-10 16:07:48</subfield>
    <subfield code="w">2026-04-10</subfield>
    <subfield code="y">RN</subfield>
  </datafield>
  <datafield tag="952" ind1=" " ind2=" ">
    <subfield code="0">0</subfield>
    <subfield code="1">0</subfield>
    <subfield code="4">0</subfield>
    <subfield code="7">0</subfield>
    <subfield code="a">BCEJYS</subfield>
    <subfield code="b">BCEJYS</subfield>
    <subfield code="c">17</subfield>
    <subfield code="d">1972-04-01</subfield>
    <subfield code="h">N&#xBA; 2 - abr. 1972</subfield>
    <subfield code="l">0</subfield>
    <subfield code="o">H338.1 INF 2.1972</subfield>
    <subfield code="p">R08495</subfield>
    <subfield code="r">2026-04-10 16:07:48</subfield>
    <subfield code="w">2026-04-10</subfield>
    <subfield code="y">RN</subfield>
  </datafield>
  <datafield tag="952" ind1=" " ind2=" ">
    <subfield code="0">0</subfield>
    <subfield code="1">0</subfield>
    <subfield code="4">0</subfield>
    <subfield code="7">0</subfield>
    <subfield code="a">BCEJYS</subfield>
    <subfield code="b">BCEJYS</subfield>
    <subfield code="c">17</subfield>
    <subfield code="d">1972-01-01</subfield>
    <subfield code="h">N&#xBA; 1 - ene. 1972</subfield>
    <subfield code="l">0</subfield>
    <subfield code="o">H338.1 INF 1.1972</subfield>
    <subfield code="p">R08494</subfield>
    <subfield code="r">2026-04-10 16:07:48</subfield>
    <subfield code="w">2026-04-10</subfield>
    <subfield code="y">RN</subfield>
  </datafield>
  <datafield tag="952" ind1=" " ind2=" ">
    <subfield code="0">0</subfield>
    <subfield code="1">0</subfield>
    <subfield code="4">0</subfield>
    <subfield code="7">0</subfield>
    <subfield code="a">BCEJYS</subfield>
    <subfield code="b">BCEJYS</subfield>
    <subfield code="c">17</subfield>
    <subfield code="d">1971-10-01</subfield>
    <subfield code="h">N&#xBA; 4 - oct. 1971</subfield>
    <subfield code="l">0</subfield>
    <subfield code="o">H338.1 INF 4.1971</subfield>
    <subfield code="p">R08493</subfield>
    <subfield code="r">2026-04-10 16:07:48</subfield>
    <subfield code="w">2026-04-10</subfield>
    <subfield code="y">RN</subfield>
  </datafield>
  <datafield tag="952" ind1=" " ind2=" ">
    <subfield code="0">0</subfield>
    <subfield code="1">0</subfield>
    <subfield code="4">0</subfield>
    <subfield code="7">0</subfield>
    <subfield code="a">BCEJYS</subfield>
    <subfield code="b">BCEJYS</subfield>
    <subfield code="c">17</subfield>
    <subfield code="d">1971-04-01</subfield>
    <subfield code="h">N&#xBA; 2 - abr. 1971</subfield>
    <subfield code="l">0</subfield>
    <subfield code="o">H338.1 INF 2.1971</subfield>
    <subfield code="p">R08492</subfield>
    <subfield code="r">2026-04-10 16:07:48</subfield>
    <subfield code="w">2026-04-10</subfield>
    <subfield code="y">RN</subfield>
  </datafield>
  <datafield tag="952" ind1=" " ind2=" ">
    <subfield code="0">0</subfield>
    <subfield code="1">0</subfield>
    <subfield code="4">0</subfield>
    <subfield code="7">0</subfield>
    <subfield code="a">BCEJYS</subfield>
    <subfield code="b">BCEJYS</subfield>
    <subfield code="c">17</subfield>
    <subfield code="d">1971-01-01</subfield>
    <subfield code="h">N&#xBA; 1 - ene. 1971</subfield>
    <subfield code="l">0</subfield>
    <subfield code="o">H338.1 INF 1.1971</subfield>
    <subfield code="p">R08491</subfield>
    <subfield code="r">2026-04-10 16:07:48</subfield>
    <subfield code="w">2026-04-10</subfield>
    <subfield code="y">RN</subfield>
  </datafield>
  <datafield tag="952" ind1=" " ind2=" ">
    <subfield code="0">0</subfield>
    <subfield code="1">0</subfield>
    <subfield code="4">0</subfield>
    <subfield code="7">0</subfield>
    <subfield code="a">BCEJYS</subfield>
    <subfield code="b">BCEJYS</subfield>
    <subfield code="c">17</subfield>
    <subfield code="d">1970-10-01</subfield>
    <subfield code="h">N&#xBA; 4 - oct. 1970</subfield>
    <subfield code="l">0</subfield>
    <subfield code="o">H338.1 INF 4.1970</subfield>
    <subfield code="p">R08490</subfield>
    <subfield code="r">2026-04-10 16:07:48</subfield>
    <subfield code="w">2026-04-10</subfield>
    <subfield code="y">RN</subfield>
  </datafield>
  <datafield tag="952" ind1=" " ind2=" ">
    <subfield code="0">0</subfield>
    <subfield code="1">0</subfield>
    <subfield code="4">0</subfield>
    <subfield code="7">0</subfield>
    <subfield code="a">BCEJYS</subfield>
    <subfield code="b">BCEJYS</subfield>
    <subfield code="c">17</subfield>
    <subfield code="d">1970-04-01</subfield>
    <subfield code="h">N&#xBA; 3 - abr. 1970</subfield>
    <subfield code="l">0</subfield>
    <subfield code="o">H338.1 INF 3.1970</subfield>
    <subfield code="p">R08489</subfield>
    <subfield code="r">2026-04-10 16:07:48</subfield>
    <subfield code="w">2026-04-10</subfield>
    <subfield code="y">RN</subfield>
  </datafield>
  <datafield tag="952" ind1=" " ind2=" ">
    <subfield code="0">0</subfield>
    <subfield code="1">0</subfield>
    <subfield code="4">0</subfield>
    <subfield code="7">0</subfield>
    <subfield code="a">BCEJYS</subfield>
    <subfield code="b">BCEJYS</subfield>
    <subfield code="c">17</subfield>
    <subfield code="d">1970-01-01</subfield>
    <subfield code="h">N&#xBA; 1 - ene. 1970</subfield>
    <subfield code="l">0</subfield>
    <subfield code="o">H338.1 INF 1.1970</subfield>
    <subfield code="p">R08488</subfield>
    <subfield code="r">2026-04-10 16:07:48</subfield>
    <subfield code="w">2026-04-10</subfield>
    <subfield code="y">RN</subfield>
  </datafield>
  <datafield tag="952" ind1=" " ind2=" ">
    <subfield code="0">0</subfield>
    <subfield code="1">0</subfield>
    <subfield code="4">0</subfield>
    <subfield code="7">0</subfield>
    <subfield code="a">BCEJYS</subfield>
    <subfield code="b">BCEJYS</subfield>
    <subfield code="c">17</subfield>
    <subfield code="d">1969-10-01</subfield>
    <subfield code="h">N&#xBA; 4 - oct. 1969</subfield>
    <subfield code="l">0</subfield>
    <subfield code="o">H338.1 INF 4.1969</subfield>
    <subfield code="p">R08487</subfield>
    <subfield code="r">2026-04-10 16:07:48</subfield>
    <subfield code="w">2026-04-10</subfield>
    <subfield code="y">RN</subfield>
  </datafield>
  <datafield tag="952" ind1=" " ind2=" ">
    <subfield code="0">0</subfield>
    <subfield code="1">0</subfield>
    <subfield code="4">0</subfield>
    <subfield code="7">0</subfield>
    <subfield code="a">BCEJYS</subfield>
    <subfield code="b">BCEJYS</subfield>
    <subfield code="c">17</subfield>
    <subfield code="d">1969-07-01</subfield>
    <subfield code="h">N&#xBA; 3 - jul. 1969</subfield>
    <subfield code="l">0</subfield>
    <subfield code="o">H338.1 INF 3.1969</subfield>
    <subfield code="p">R08485</subfield>
    <subfield code="r">2026-04-10 16:07:48</subfield>
    <subfield code="w">2026-04-10</subfield>
    <subfield code="y">RN</subfield>
  </datafield>
  <datafield tag="952" ind1=" " ind2=" ">
    <subfield code="0">0</subfield>
    <subfield code="1">0</subfield>
    <subfield code="4">0</subfield>
    <subfield code="7">0</subfield>
    <subfield code="a">BCEJYS</subfield>
    <subfield code="b">BCEJYS</subfield>
    <subfield code="c">17</subfield>
    <subfield code="d">1969-04-01</subfield>
    <subfield code="h">N&#xBA; 2 - abr. 1969</subfield>
    <subfield code="l">0</subfield>
    <subfield code="o">H338.1 INF 2.1969</subfield>
    <subfield code="p">R08486</subfield>
    <subfield code="r">2026-04-10 16:07:48</subfield>
    <subfield code="w">2026-04-10</subfield>
    <subfield code="y">RN</subfield>
  </datafield>
  <datafield tag="952" ind1=" " ind2=" ">
    <subfield code="0">0</subfield>
    <subfield code="1">0</subfield>
    <subfield code="4">0</subfield>
    <subfield code="7">0</subfield>
    <subfield code="a">BCEJYS</subfield>
    <subfield code="b">BCEJYS</subfield>
    <subfield code="c">17</subfield>
    <subfield code="d">1969-01-01</subfield>
    <subfield code="h">N&#xBA; 1 - ene. 1969</subfield>
    <subfield code="l">0</subfield>
    <subfield code="o">H338.1 INF 1.1969</subfield>
    <subfield code="p">R08484</subfield>
    <subfield code="r">2026-04-10 16:07:48</subfield>
    <subfield code="w">2026-04-10</subfield>
    <subfield code="y">RN</subfield>
  </datafield>
  <datafield tag="952" ind1=" " ind2=" ">
    <subfield code="0">0</subfield>
    <subfield code="1">0</subfield>
    <subfield code="4">0</subfield>
    <subfield code="7">0</subfield>
    <subfield code="a">BCEJYS</subfield>
    <subfield code="b">BCEJYS</subfield>
    <subfield code="c">17</subfield>
    <subfield code="d">1968-08-01</subfield>
    <subfield code="h">N&#xBA; 2 - ago. 1968</subfield>
    <subfield code="l">0</subfield>
    <subfield code="o">H338.1 INF 2.1968</subfield>
    <subfield code="p">R08483</subfield>
    <subfield code="r">2026-04-10 16:07:48</subfield>
    <subfield code="w">2026-04-10</subfield>
    <subfield code="y">RN</subfield>
  </datafield>
</record>
